| 000 | 00520nam a2200181Ia 4500 | ||
|---|---|---|---|
| 001 | 7754 | ||
| 005 | 20260306160518.0 | ||
| 008 | 260306t2005||||xx |||||||||||||| ||spa|| | ||
| 041 | _aESP | ||
| 082 |
_a361.3 _bA57 |
||
| 100 |
_aAnaut Bravo, Sagrario _eAUT |
||
| 245 | 0 |
_aDe profesión, cuidadora: _bla profesionalización femenina de la asistencia socio-sanitaria en la Pamplona del siglo XX |
|
| 260 | _c2005 | ||
| 300 |
_a130 páginas : _cfots. cuad. |
||
| 650 | _aGEN | ||
| 654 | _aCAN | ||
| 942 |
_cLIB _dJUS _fJUS _2ddc _n |
||
| 999 |
_c7754 _d7754 |
||